000 01297cam a2200361 i 4500
001 zz2004872298
003 NUKAT
005 20260427215316.0
008 040920s1903 pl g |001 0 pol c
035 _a(OCoLC)1412977286
035 _a(NUKAT)zz2004872298
040 _aGD U/TZ
_cGD U/TZ
_dGD U/TZ
_dGD U/KMs
_dWR O/MB
041 0 _apol
_ager
100 1 _aLeszczyński, Jan
_c(historyk).
_940710
245 1 0 _aRządy rosyjskie w Kraju Tarnopolskim 1809-1815 /
_cprzez Jana Leszczyńskiego.
260 _aKraków ;
_aWarszawa :
_bdr. W. L. Anczyca i S-ki,
_c1903.
300 _aXXX, 271, [2] s. :
_berr. ;
_c22 cm.
336 _aTekst
_btxt
_2rdacontent
337 _aBez urządzenia pośredniczącego
_bn
_2rdamedia
338 _aWolumin
_bnc
_2rdacarrier
380 _aKsiążki
490 1 _aMonografie w Zakresie Dziejów Nowożytnych ;
_vt. 3
504 _aIndeks.
546 _aTekst częśc. niem.
648 7 _a1801-1900
_2DBN
_936037
650 7 _aPolityka
_2DBN
_935231
651 7 _aRosja
_2DBN
_936145
651 7 _aTarnopol (Ukraina ; region)
_y1789-1815.
_2kaba
_940711
658 _aPolityka, politologia, administracja publiczna
710 2 _aW. L. Anczyc i Spółka.
_4pbl
_94292
830 0 _aMonografie w Zakresie Dziejów Nowożytnych
_vt. 3
_94293
942 _2ddc
_cBK_NM
999 _c27814
_d27814